|
|
แสดงรายละเอียดบรรณานุกรม |
|
|
Brief Record
: Get Marc (ISO 2709)
: E-mail record
: |
| LEADER 00000nama 2200000uu 4500 | |||
| 001 180081 | |||
| 003 ULIBM | |||
| 008 040531s2541 th m m a000 0 tha d | |||
| 041 tha | |||
| 050 WG166 ศ322จ | |||
| 100 ศักดิ์ บวร | |||
| 245 เจ็บหน้าอก กับโรคหัวใจ / ศักดิ์ บวร 001 | |||
| 246 โรคหัวใจ | |||
| 250 4 | |||
| 260 นนทบุรี สมิต 2541 | |||
| 300 46 หน้า | |||
| 440 อาหารและสุขภาพ | |||
| 650 หัวใจ,โรค ทรวงอกบาดเจ็บ | |||
| 998 1999-05-24 | |||
| คุณยังไม่ได้ล็อกอิน คุณสามารถมีกิจกรรมร่วมกับเว็บไซต์ได้ แต่ต้องล็อกอินก่อน :: |
|
| สถานะ | |||||||||
| 1. | หนังสือทั่วไป | WG166 ศ322จ 2541 | On Shelf ขอยืม | ||||||
| [แสดง 1/1 รายการ] | |||||||||
BibComment |
| คอมเมนท์ทรัพยากรรายการนี้ |
|
|